000 00232nam a2200085Ia 4500
008 120527s9999 xx 000 0 und d
100 _aEVWARAYE, A.O
245 _aElectroniagnetism and modern physics for physical sciences
942 _cBK
999 _c25314
_d25314